| 000 | 00817nam a2200265 a 4500 | ||
|---|---|---|---|
| 008 | 951027s1989||||[C 0 slo c | ||
| 020 |
_a8022200522 _c22 Kčs. _q(1500 výtl.) |
||
| 040 |
_aSNK _bslo _cSNK _eAACR2 |
||
| 041 | 1 |
_aslo _hslo |
|
| 044 |
_axo _cSK |
||
| 080 | _a885.4-1 | ||
| 080 | _a784.66 | ||
| 100 | 1 |
_aŠtrasser, Ján _4aut |
|
| 245 | 1 | 0 |
_aPančuchové blues _cJán Štrasser ; Peter Zajac, Peter Zajac, Ladislav Vančo, Peter Zajac |
| 250 | _a1., vyd. | ||
| 260 |
_aBratislava _bTatran _c1989 _eBanská Bystrica _fTlačiarne SNP |
||
| 300 |
_a144 s., 5,56 AH _c15 cm |
||
| 490 | 0 |
_aDarčeky _vZv. 6. |
|
| 500 | _aRad Pieseň. Ilustr. na front. | ||
| 700 | 1 |
_aZajac, Peter _4com |
|
| 700 | 1 |
_aZajac, Peter _4[ADC] |
|
| 700 | 1 |
_aVančo, Ladislav _4bkd |
|
| 700 | 1 |
_aZajac, Peter _4oth |
|
| 958 | _aA | ||
| 999 |
_c15134 _d15134 |
||